[Event "Novokuznetsk op"]
[Site "Novokuznetsk"]
[Date "2011.08.11"]
[Round "1"]
[White "Gutov, Andrey"]
[Black "Shukan, Mikhail"]
[Result "1-0"]
[WhiteElo "2444"]
[BlackElo "2079"]
[PlyCount "53"]
[EventDate "2011.08.11"]
[EventType "swiss"]
[EventRounds "9"]
[EventCountry "RUS"]
[SourceTitle "CBM 144 Extra"]
[Source "ChessBase"]
[SourceDate "2011.10.28"]
[SourceVersion "1"]
[SourceVersionDate "2011.10.28"]
[SourceQuality "1"]

1. d4 Nf6 2. c4 g6 3. Nf3 Bg7 4. g3 0-0 5. Bg2 c5 6. d5 d6 7. Nc3 a6 8. a4 Bg4 9. h3 Bxf3 10. exf3 Nbd7 11. f4 Ne8 12. h4 Nc7 13. h5 b5 14. hxg6 hxg6 15. Qg4 Bxc3+ 16. bxc3 Kg7 17. f5 Rh8 18. fxg6 Rxh1+ 19. Bxh1 Nf6 20. Qe2 bxc4 21. gxf7 Kxf7 22. Bf3 Qg8 23. Rb1 Qg6 24. Rb7 Ncxd5 25. g4 Rg8 26. Qxc4 Ke6 27. Qe2+ 1-0

[Event "Novokuznetsk School op"]
[Site "Novokuznetsk"]
[Date "2011.06.15"]
[Round "7"]
[White "Kuzmichev, Alexander"]
[Black "Shukan, Mikhail"]
[Result "1-0"]
[WhiteElo "2031"]
[BlackElo "2079"]
[PlyCount "95"]
[EventDate "2011.06.15"]
[EventType "swiss"]
[EventRounds "9"]
[EventCountry "RUS"]
[SourceTitle "EXT 2022"]
[Source "ChessBase"]
[SourceDate "2021.10.06"]
[SourceVersion "1"]
[SourceVersionDate "2021.10.06"]
[SourceQuality "1"]

1. e4 e5 2. Nf3 f5 3. Nxe5 Qf6 4. d4 d6 5. Nc4 Nc6 6. e5 dxe5 7. dxe5 Qe6 8. f4 Bd7 9. Bd3 0-0-0 10. Nc3 Bb4 11. Be3 Nce7 12. Bd2 Bc6 13. Qe2 Ng6 14. Rf1 N8e7 15. Ne3 Nf8 16. a3 Bxc3 17. Bxc3 Nd7 18. Bb4 g6 19. Bc4 Nd5 20. 0-0-0 N7b6 21. Bb3 Qe8 22. Bc5 Nxe3 23. Rxd8+ Qxd8 24. Bxe3 Qe7 25. Bxb6 axb6 26. Rd1 Rd8 27. g3 g5 28. Rxd8+ Kxd8 29. Qd3+ Qd7 30. fxg5 Ke7 31. Qxd7+ Bxd7 32. Bg8 Kf8 33. Bxh7 Kg7 34. g6 Be6 35. Kd2 Bd5 36. Ke3 Be6 37. Kd4 Kh6 38. b4 Kg7 39. c4 c6 40. a4 b5 41. axb5 cxb5 42. cxb5 b6 43. Ke3 Bd7 44. Kf4 Kh6 45. e6 Bxe6 46. Ke5 Bc4 47. Kd6 Bxb5 48. Kc7 1-0